| 000 | 01451cac a22003975a 4500 | ||
|---|---|---|---|
| 999 |
_c4789 _d4789 |
||
| 003 | EG-ScBUE | ||
| 005 | 20191229124122.0 | ||
| 008 | 190717r20011999enka f 000 0 eng d | ||
| 020 | _a0194534278 (Student's book) | ||
| 020 | _a9780194534277 (Student's book) | ||
| 020 | _a0194534294 (Workbook with answers) | ||
| 020 | _a9780194534291 (Workbook with answers) | ||
| 040 |
_aEG-ScBUE _beng _erda _cEG-ScBUE _dEG-ScBUE |
||
| 082 | 0 | 4 |
_a428 _bASP _222 |
| 100 | 1 |
_aAspinall, Patricia, _eauthor. |
|
| 245 | 1 | 0 |
_aAdvanced masterclass CAE / _cTricia Aspinall, Annette Capel ; with structure sections by Kathy Gude. |
| 250 | _aNew edition. | ||
| 250 | _aSixth impression. | ||
| 264 | 1 |
_aOxford ; _aNew York : _bOxford University Press, _c2001. |
|
| 300 |
_a2 volumes : _billustrations (some color) ; _c28 cm |
||
| 336 |
_2rdacontent _atext _btxt |
||
| 337 |
_2rdamedia _aunmediated _bn |
||
| 338 |
_2rdacarrier _avolume _bnc |
||
| 500 | _aFirst published : 1996. | ||
| 500 | _aon cover, updated to include changes to the exam. | ||
| 500 | _aIncludes appendix. | ||
| 505 | 0 | _aStudent's book -- Workbook with answers. | |
| 590 | _aBilal ahmed | ||
| 650 | 7 |
_aEnglish language _xExaminations. _2BUEsh |
|
| 650 | 7 |
_aEnglish language _xStudy and teaching _xTextbooks. _2BUEsh |
|
| 653 |
_bHHUUEENN _cJune2019 |
||
| 655 | _vReading book | ||
| 700 | 1 |
_aCapel, Annette, _eauthor. |
|
| 700 | 1 |
_aGude, Kathy, _eeditor. |
|
| 942 |
_cBB _k428 ASP _2ddc |
||